Name the 2020s Rap Albums by Cover - Statistics

General Stats
  • This quiz has been taken 126 times
  • The average score is 12 of 20
Answer Stats
Picture Answer % Correct
Utopia
96%
Certified Lover Boy
86%
For All The Dogs
86%
We Don't Trust You
86%
Donda
85%
Whole Lotta Red
83%
Pink Tape
77%
CALL ME IF YOU GET LOST
76%
Eternal Atake
72%
The Melodic Blue
71%
Heroes & Villains
64%
Blue Lips
63%
A Great Chaos
54%
So Much Fun
52%
I NEVER LIKED YOU
46%
Afterlyfe
28%
DS4EVER
24%
Slime Language 2
21%
Punk
19%
Sex Money Drugs
13%
No matching quizzes found
Score Distribution
Percent of People with Each Score
Percentile by Number Answered
Your Score History
You have not taken this quiz